| 000 | 02151nam a2200277 a 4500 | ||
|---|---|---|---|
| 001 | BS0003280 | ||
| 003 | BR-BrBNA | ||
| 005 | 20230418192253.0 | ||
| 008 | 230308b |||||||| |||| 00| 0 por d | ||
| 040 |
_aBR-BrBNA _bpor _cBiblioteca Nacional de Agricultura |
||
| 041 | _apor | ||
| 072 | _aB59 | ||
| 090 | _aB59 BS0003280 | ||
| 100 | 1 | _aProphet, Elizabeth C. | |
| 100 | 1 | _aPropehet, Mark L. | |
| 245 | 1 | _aA Alquimia de Saint Germain / | |
| 250 | 1 | _a12. ed. | |
| 260 | 3 |
_aRio de Janeiro, RJ: _bNova Era, _c2006. |
|
| 300 | _a382 p. | ||
| 500 | _aTitulo Original: Saint Germain on Alchamy. Tradução de Terezinha Batista dos Santos.. | ||
| 520 | 3 | _aNão se sabe de onde ele veio e quem de fato era, mas acredita-se que tenha realizado o sonho dos antigos alquimistas ao descobrir o elixir da juventude e a pedra filosofal. Confidente dos reis, favorito das cortes e amigo dos pobres, muitos garantem que ele viveu centenas de anos e que era capaz de transformar metais em ouro. O cético filósofo Voltaire referiu-se a ele como "o homem que nunca morre e sabe tudo". O rei Luís XV louvou suas habilidades e lhe ofereceu um laboratório e uma residência no castelo real de Chambord. Acusado de traição e perseguido pelas leis francesas, estabeleceu-se em Schleswig, na Alemanha, onde viveu sob a proteção do príncipe Karl de Hesse, que lhe deu permissão para dedicar-se às artes ocultas. Nobres que freqüentavam as cortes européias do século XVIII surpreenderam-se com seus dons, entre eles a clarividência e a telepatia. Admirado como filósofo, diplomata, dentista, curandeiro, artista e músico, falava pelo menos doze idiomas, era violinista e compositor e conhecia em profundidade as propriedades das plantas curativas. Aos que ousavam duvidar de suas habilidades, sua resposta: "Aqueles que são capazes de nutrir dúvidas com relação ao meu trabalho, não são dignos de dirigir-me a palavra." Encontre neste livro as mensagens do conde de Saint Germain e os segredos da alquimia, cujo verdadeiro propósito | |
| 650 | _aRELIGIÃO | ||
| 650 | _aOCULTISMO | ||
| 909 |
_a202304 _bSergio Santos _c56 _dSergio Santos |
||
| 942 | _cBK | ||
| 999 |
_c8343 _d8343 |
||